00282nam a2200121Ia 4500008004100000041000900041082001800050100001900068245002400087260003300111300000800144650000800152230718s9999 xx 000 0 und d aEng. a287.93bBAK-M aBakar Cristian 0aM T.v sy Makkha tak aPakistanbKhadim pressc2016 a400 aLaw